| 000 | 00693cam a22002052 4500 | ||
|---|---|---|---|
| 001 | 0000003601 | ||
| 005 | 20151217155824.0 | ||
| 008 | 070510s xx 000 0 eng d | ||
| 040 |
_aKABU _cKABU |
||
| 050 | 0 |
_aLB2329.6 _b.K4W36 |
|
| 100 | 1 |
_aWandiga, Shem Oyoo. _@0000153625 |
|
| 245 | 1 | 0 |
_aCapacity building and institutional development in higher education in Kenya : _ba case study of Public Universities Investment Project (1991-1994) / |
| 260 |
_aParis : _bUnesco, _c1997. |
||
| 300 | _a169 p. | ||
| 500 | _aPhotocopy. | ||
| 650 | 0 |
_aPublic Universities and Colleges _zKenya. _@0000153626 |
|
| 908 | _a070510 | ||
| 950 | _@1 | ||
| 999 |
_c12883 _d12883 |
||